5HLuxD.jpg

KING HENRY VIII SENIOR AND PRIMARY SCHOOL LIBRARY OPAC

Big battles of World War II / (Record no. 1949)

000 -LEADER
fixed length control field 01395cam a2200361 i 4500
001 - CONTROL NUMBER
control field .b54013215
003 - CONTROL NUMBER IDENTIFIER
control field OCoLC
005 - DATE AND TIME OF LATEST TRANSACTION
control field 20230220143409.0
008 - FIXED-LENGTH DATA ELEMENTS--GENERAL INFORMATION
fixed length control field 140131s2015 nyua j b 001 0 eng
010 ## - LIBRARY OF CONGRESS CONTROL NUMBER
LC control number 2014003933
020 ## - INTERNATIONAL STANDARD BOOK NUMBER
International Standard Book Number 9780531217290
Qualifying information (pbk.)
040 ## - CATALOGING SOURCE
Original cataloging agency DLC
Language of cataloging eng
Description conventions rda
Transcribing agency DLC
Modifying agency IG#
-- YDXCP
-- BTCTA
-- BDX
-- SINLB
-- OCLCF
-- NYP
-- EHH
-- OCLCQ
-- OCL
-- GRC
-- NTNU
-- KH8
042 ## - AUTHENTICATION CODE
Authentication code nbic
082 0# - DEWEY DECIMAL CLASSIFICATION NUMBER
Classification number 372.4 BEN
100 1# - MAIN ENTRY--PERSONAL NAME
Personal name Benoit, Peter,
Dates associated with a name 1955-
Relator term author
245 10 - TITLE STATEMENT
Title Big battles of World War II /
Statement of responsibility, etc. Peter Benoit.
264 #1 - PRODUCTION, PUBLICATION, DISTRIBUTION, MANUFACTURE, AND COPYRIGHT NOTICE
Place of production, publication, distribution, manufacture New York :
Name of producer, publisher, distributor, manufacturer Children's Press/Scholastic,
Date of production, publication, distribution, manufacture, or copyright notice 2015.
300 ## - PHYSICAL DESCRIPTION
Extent 48 pages :
Other physical details illustrations (some color) ;
Dimensions 23 cm.
336 ## - CONTENT TYPE
Content type term text
Content type code txt
Source rdacontent.
337 ## - MEDIA TYPE
Media type term unmediated
Media type code n
Source rdamedia.
338 ## - CARRIER TYPE
Carrier type term volume
Carrier type code nc
Source rdacarrier.
490 1# - SERIES STATEMENT
Series statement True book.
504 ## - BIBLIOGRAPHY, ETC. NOTE
Bibliography, etc. note Includes bibliographical references (page 45) and index.
505 0# - FORMATTED CONTENTS NOTE
Formatted contents note The beginnings of war -- The war on the Eastern Front -- The war in North Africa --The war on the Western Front -- The war in the Pacific -- Ending the World War.
520 ## - SUMMARY, ETC.
Summary, etc. Highlights the more well-known battles that occurred during World War II.
521 ## - TARGET AUDIENCE NOTE
Target audience note Lexile 880.
650 #0 - SUBJECT ADDED ENTRY--TOPICAL TERM
Topical term or geographic name entry element World War, 1939-1945
General subdivision Campaigns
Form subdivision Juvenile literature.
650 #0 - SUBJECT ADDED ENTRY--TOPICAL TERM
Topical term or geographic name entry element Battles
Form subdivision Juvenile literature.
650 #1 - SUBJECT ADDED ENTRY--TOPICAL TERM
Topical term or geographic name entry element World War, 1939-1945
General subdivision Campaigns.
650 #1 - SUBJECT ADDED ENTRY--TOPICAL TERM
Topical term or geographic name entry element Battles.
830 #0 - SERIES ADDED ENTRY--UNIFORM TITLE
Uniform title True book.
942 ## - ADDED ENTRY ELEMENTS (KOHA)
Source of classification or shelving scheme
Koha item type Books - Non Ficton
Holdings
Withdrawn status Lost status Source of classification or shelving scheme Damaged status Not for loan Collection code Permanent Location Current Location Shelving location Date acquired Total Checkouts Full call number Barcode Date last seen Date last checked out Price effective from Koha item type
          Non-Fiction KH8 Primary School Library KH8 Primary School Library Non Fiction 2023-02-20 9 372.4 BEN KHPL000003666 2025-12-05 2025-10-15 2023-02-20 Books - Non Ficton

Powered By KH8 IT Dept